Defunct Department Stores of the United States - Statistics

General Stats
  • This quiz has been taken 47 times
    34 since last reset
  • The average score is 6 of 56
Answer Stats
Ceased Operations Answer % Correct
2001 Montgomery Ward
58%
2002 Ames
50%
2020 Lord & Taylor
50%
2018 The Bon-Ton
42%
1997 Woolworth's
42%
2009 Mervyn's
29%
2001 Bradlees
25%
1999 Caldor
25%
1987 Gimbels
21%
2023 Bed Bath & Beyond
17%
2018 Elder-Beerman
17%
1999 Hills
17%
1995 Jamesway
17%
2002 Service Merchandise
17%
1983 Woolco
17%
1990 Zayre
17%
2020 Carson's
13%
2018 Herberger's
13%
1980 Korvette
13%
2006 Proffitt's
13%
2018 Younkers
13%
2018 Bergner's
8%
2018 Boston Store
8%
2009 Gottschalks
8%
1992 Higbee’s
8%
2013 Parisian
8%
1982 Two Guys
8%
2000 Uptons
8%
2008 Value City
8%
1998 Venture
8%
1976 W. T. Grant
8%
1994 Fishers Big Wheel
4%
1998 Gayfers
4%
2020 Goody's
4%
2011 Jacobson's
4%
2006 McRae's
4%
2001 ZCMI
4%
1982 Britt's
0%
1990 Buffums
0%
2007 Dunlaps
0%
2019 Fred's
0%
1990 Garfinkel's
0%
1990 Heck's
0%
1998 J. B. White
0%
1984 Joseph Magnin
0%
1997 Lechmere
0%
1997 Leggett
0%
1978 Neisner's
0%
2020 Palais Royal
0%
2020 Peebles
0%
1992 Prange's
0%
1981 S. H. Kress
0%
2019 ShopKo
0%
1975 Shoppers Fair
0%
1978 S. Klein
0%
2020 Stage Stores
0%
No matching quizzes found
Score Distribution
Percent of People with Each Score
Percentile by Number Answered
Your Score History
You have not taken this quiz since the last reset